[Event "25th International Tournament Nikaia"]
[Site "Nikaia"]
[Date "2017.08.27"]
[Round "2.8"]
[White "Kakadelis, Stratos"]
[Black "Papadopoulos, Nikolaos"]
[Result "0-1"]
[WhiteElo "1978"]
[BlackElo "2226"]
[PlyCount "142"]
[EventDate "2017.08.26"]

1. c4 Nf6 2. Nf3 g6 3. Nc3 Bg7 4. d4 O-O 5. e4 d6 6. Be2 c5 7. d5 e6 8. Bf4 e5
9. Bg5 h6 10. Bd2 Na6 11. Qc1 Kh7 12. h3 Nc7 13. Nh2 a6 14. Ng4 Ng8 15. Qc2 Bd7
16. Ne3 b5 17. Bg4 Nf6 18. Ne2 Qe7 19. Ba5 Rfc8 20. Bxd7 Nxd7 21. O-O Ne8 22.
Bc3 h5 23. Rae1 Nef6 24. Nc1 Bh6 25. Bd2 Rab8 26. Nb3 Ra8 27. Na5 Nb8 28. Qd3
Qc7 29. Nb3 Nbd7 30. Ba5 Qb7 31. Bc3 b4 32. Bd2 a5 33. Nc1 a4 34. Ne2 Re8 35.
Bc1 Qc7 36. g3 Kg7 37. Kg2 Nb6 38. Ng1 Qd7 39. Nf3 Rh8 40. Nh4 Kh7 41. Rh1 Rae8
42. Kf1 Qa7 43. Bd2 Qa6 44. Rc1 Rhf8 45. Kg2 Ng8 46. Kh2 Qc8 47. Kg2 Qd7 48.
Qe2 Nc8 49. Qf3 Bg5 50. Nhf5 Nce7 51. h4 Bxe3 52. Bxe3 Nxf5 53. exf5 Qxf5 54.
Qxf5 gxf5 55. Rhe1 Nf6 56. f3 Nd7 57. Kf2 Rg8 58. Rg1 Rg6 59. Rg2 Reg8 60. Rcg1
Nb6 61. b3 Ra8 62. Rb1 axb3 63. axb3 f4 64. Bd2 Ra2 65. Rd1 fxg3+ 66. Rxg3 Rb2
67. Rxg6 Kxg6 68. f4 exf4 69. Kf3 Kf5 70. Bxf4 Rxb3+ 71. Be3 Nxc4 0-1

[Event "25th International Tournament Nikaia"]
[Site "Nikaia"]
[Date "2017.08.27"]
[Round "2.10"]
[White "Ornithopoulos, Nikolaos"]
[Black "Bousios, Hristos"]
[Result "1/2-1/2"]
[WhiteElo "1974"]
[BlackElo "2219"]
[PlyCount "50"]
[EventDate "2017.08.26"]

1. d4 Nf6 2. Nf3 b6 3. c4 Bb7 4. Nc3 e6 5. a3 d5 6. cxd5 exd5 7. g3 Be7 8. Bg2
O-O 9. O-O Ne4 10. Nxe4 dxe4 11. Ne5 f6 12. Nc4 f5 13. Be3 Bf6 14. f3 exf3 15.
Bxf3 Bxf3 16. Rxf3 Nc6 17. d5 Ne5 18. Nxe5 Bxe5 19. Qb3 Qd6 20. Raf1 Rad8 21.
Bg5 Bf6 22. Bxf6 Rxf6 23. Rxf5 Rxf5 24. Rxf5 g6 25. Rf3 Qxd5 1/2-1/2

[Event "25th International Tournament Nikaia"]
[Site "Nikaia"]
[Date "2017.08.27"]
[Round "2.11"]
[White "Dionysopoulos, Zacharias"]
[Black "Skaperdas, Kostantinos"]
[Result "0-1"]
[WhiteElo "1963"]
[BlackElo "2200"]
[PlyCount "81"]
[EventDate "2017.08.26"]

1. e4 e6 2. d4 d5 3. Nd2 Be7 4. e5 c5 5. c3 cxd4 6. cxd4 Qb6 7. Ngf3 Nc6 8. Nb3
a5 9. Bd3 a4 10. Nbd2 Bd7 11. O-O Nxd4 12. Nxd4 Qxd4 13. Nf3 Qb6 14. Qe2 Bc5
15. Ng5 Nh6 16. Bxh7 Bb5 17. Bd3 Bxd3 18. Qxd3 Ng4 19. Qg3 Nxh2 20. Rd1 Bxf2+
21. Qxf2 Nf3+ 22. Nxf3 Rh1+ 23. Kxh1 Qxf2 24. Bf4 Qxb2 25. Rab1 Qxa2 26. Rxb7
Qc2 27. Rc1 Qf5 28. Be3 a3 29. Bd4 a2 30. Ba1 g5 31. Rf1 g4 32. Nh2 Qg6 33. Rb4
Qh7 34. Kg1 g3 35. Ng4 Kd8 36. Rbf4 Ra7 37. Rb4 Kc8 38. Bd4 Rb7 39. Rc1+ Kb8
40. Rxb7+ Kxb7 41. Ne3 0-1

[Event "25th International Tournament Nikaia"]
[Site "Nikaia"]
[Date "2017.08.27"]
[Round "2.12"]
[White "Nikolaou, Spiridon"]
[Black "Kontos, Alexandros K"]
[Result "1-0"]
[WhiteElo "2196"]
[BlackElo "1965"]
[PlyCount "64"]
[EventDate "2017.08.26"]

1. d4 Nf6 2. c4 e6 3. Nf3 b6 4. g3 Bb7 5. Bg2 Be7 6. O-O c5 7. Nc3 cxd4 8. Qxd4
Nc6 9. Qf4 a6 10. Rd1 O-O 11. e4 Nh5 12. Qd2 d6 13. b3 Qc7 14. Bb2 Nf6 15. Rac1
Rfd8 16. Qe2 Rac8 17. Nd5 exd5 18. cxd5 Qd7 19. dxc6 Bxc6 20. Ne5 Bb5 21. Nxd7
Bxe2 22. Nxb6 Rb8 23. Rd2 Bg4 24. Bd4 Re8 25. h3 Be6 26. Rdc2 Bd8 27. Nc8 Bxc8
28. Rxc8 Ba5 29. Rxb8 Rxb8 30. Rc6 Ne8 31. Rxa6 Bb4 32. Bf1 Ra8 1-0

[Event "25th International Tournament Nikaia"]
[Site "Nikaia"]
[Date "2017.08.27"]
[Round "2.13"]
[White "Bouboulis, Spyridon-Odysseys"]
[Black "Loutragotis, Dimitrios"]
[Result "0-1"]
[WhiteElo "1949"]
[BlackElo "2194"]
[PlyCount "66"]
[EventDate "2017.08.26"]

1. Nf3 g6 2. d4 Bg7 3. c4 c5 4. e4 cxd4 5. Nxd4 Nc6 6. Be3 Nf6 7. Nc3 O-O 8.
Be2 d6 9. Qd2 Bd7 10. O-O Nxd4 11. Bxd4 Bc6 12. f3 Nd7 13. Be3 a5 14. b3 Nc5
15. Rac1 Qb6 16. Nd5 Bxd5 17. cxd5 Rfc8 18. Kh1 Qb4 19. Rfd1 Nd7 20. Rxc8+ Rxc8
21. Rc1 Rc3 22. Rxc3 Bxc3 23. Qc2 Nc5 24. Bd1 Bd4 25. Bd2 Qb5 26. h4 Qf1+ 27.
Kh2 Bf2 28. Bf4 Qg1+ 29. Kh3 Qh1+ 30. Bh2 Bg1 31. g3 Bxh2 32. e5 Bg1+ 33. Kg4
Be3 0-1

[Event "25th International Tournament Nikaia"]
[Site "Nikaia"]
[Date "2017.08.27"]
[Round "2.14"]
[White "Gogolis, Alexandros"]
[Black "Rahmanidis, Petros"]
[Result "1-0"]
[WhiteElo "2190"]
[BlackElo "1960"]
[PlyCount "93"]
[EventDate "2017.08.26"]

1. d4 Nf6 2. Nf3 g6 3. Bg5 Bg7 4. Nbd2 O-O 5. c3 d6 6. e3 Nbd7 7. Be2 c5 8. O-O
b6 9. Re1 Bb7 10. Bd3 h6 11. Bh4 Nh5 12. Bg3 Nxg3 13. hxg3 e5 14. dxe5 Nxe5 15.
Nxe5 Bxe5 16. Nf3 Bg7 17. Qc2 d5 18. Rad1 Qc7 19. c4 dxc4 20. Bxc4 Rad8 21. a4
Kh8 22. b3 Qe7 23. Rxd8 Rxd8 24. Rd1 Rxd1+ 25. Qxd1 Kh7 26. Qc2 Be4 27. Bd3 Bc6
28. Qc4 Qf6 29. Be4 Be8 30. Bd5 Qe7 31. Qf4 f5 32. Bc4 Qd7 33. Kh2 g5 34. Qb8
Qe7 35. Bd3 Bg6 36. Qc8 Qf8 37. Qd7 a5 38. Ne5 Qf6 39. Nxg6 Kxg6 40. g4 h5 41.
Qe8+ Qf7 42. Bxf5+ Kf6 43. Qc6+ Ke7 44. Qd7+ Kf8 45. Qd8+ Qe8 46. Qxe8+ Kxe8
47. gxh5 1-0

[Event "25th International Tournament Nikaia"]
[Site "Nikaia"]
[Date "2017.08.27"]
[Round "2.15"]
[White "Nemtsas, Hristoforos"]
[Black "Grigoriadis, Alexandros"]
[Result "1/2-1/2"]
[WhiteElo "1938"]
[BlackElo "2189"]
[PlyCount "83"]
[EventDate "2017.08.26"]

1. d4 Nf6 2. c4 g6 3. Nc3 Bg7 4. e4 d6 5. Nf3 O-O 6. h3 c6 7. Bg5 e5 8. d5 h6
9. Be3 cxd5 10. cxd5 Nbd7 11. Be2 a6 12. g4 b5 13. g5 hxg5 14. Bxg5 b4 15. Na4
Nb6 16. Nd2 Bd7 17. Nxb6 Qxb6 18. Nc4 Qb8 19. Qd3 Bb5 20. Rc1 Rc8 21. h4 Bxc4
22. Rxc4 Rxc4 23. Qxc4 Qb5 24. Qc7 Qb8 25. Qxb8+ Rxb8 26. Bxf6 Bxf6 27. Bxa6
Bd8 28. Kd2 Bb6 29. f3 Bd4 30. Kc2 Kg7 31. Kb3 Rb6 32. Bd3 Bc5 33. Rf1 Rb8 34.
f4 exf4 35. Rxf4 Rh8 36. Kc4 Rc8 37. Kb3 Ra8 38. Bb5 f6 39. Rf1 Rh8 40. Rf4 Be3
41. Rf3 Bc5 42. Rf4 1/2-1/2

[Event "25th International Tournament Nikaia"]
[Site "Nikaia"]
[Date "2017.08.27"]
[Round "2.16"]
[White "Giannakoulopoulos, Spyridon"]
[Black "Georgiou, Kostantinos"]
[Result "0-1"]
[WhiteElo "1929"]
[BlackElo "2162"]
[PlyCount "72"]
[EventDate "2017.08.26"]

1. d4 d5 2. Nc3 Nf6 3. Bg5 Nbd7 4. Nf3 c6 5. Qd3 Qa5 6. O-O-O Ne4 7. Nxe4 dxe4
8. Qxe4 Qxa2 9. c3 Nb6 10. Qb1 Qa5 11. e4 Be6 12. Bd3 Bb3 13. Be3 Bxd1 14. Rxd1
e6 15. b4 Qh5 16. Rg1 f6 17. c4 Qf7 18. c5 Nd7 19. e5 Be7 20. Qb3 b5 21. Be4
Rc8 22. g4 O-O 23. Kb2 Kh8 24. Ra1 Rc7 25. Ra6 Nb8 26. Ra3 g6 27. exf6 Bxf6 28.
g5 Bg7 29. Ne5 Bxe5 30. dxe5 Rd8 31. h4 Rcd7 32. f4 Rd2+ 33. Kc1 Rh2 34. Qc3
Rxh4 35. Ra2 Rxf4 36. Rh2 Rxe4 0-1

[Event "25th International Tournament Nikaia"]
[Site "Nikaia"]
[Date "2017.08.27"]
[Round "2.17"]
[White "Kouvatsos, Filippos"]
[Black "Siamidis, Dimitrios"]
[Result "1-0"]
[WhiteElo "2159"]
[BlackElo "1941"]
[PlyCount "81"]
[EventDate "2017.08.26"]

1. d4 Nf6 2. c4 g6 3. Nc3 Bg7 4. e4 d6 5. Nf3 O-O 6. Be2 e5 7. Be3 exd4 8. Nxd4
Re8 9. f3 c6 10. Nc2 d5 11. cxd5 cxd5 12. exd5 Bf5 13. Bf2 Bxc2 14. Qxc2 Nxd5
15. Nxd5 Qxd5 16. O-O Nc6 17. Bc4 Qg5 18. Qb3 Ne5 19. Bd5 Qe7 20. Rfe1 Qc7 21.
Qxb7 Qxb7 22. Bxb7 Rab8 23. Bd5 Rxb2 24. Bxa7 Rd2 25. Bb3 Ra8 26. Be3 Rd3 27.
Rad1 Rxd1 28. Rxd1 h5 29. h3 Re8 30. Kf2 Re7 31. f4 Nd7 32. a4 Nf6 33. a5 Ne4+
34. Kf3 Nc3 35. Rd8+ Kh7 36. a6 Bf6 37. Rb8 Ne4 38. a7 Nd2+ 39. Ke2 Bd4 40.
a8=Q Bxe3 41. Re8 1-0

[Event "25th International Tournament Nikaia"]
[Site "Nikaia"]
[Date "2017.08.27"]
[Round "2.18"]
[White "Abatzis, Antonios"]
[Black "Beliotis, Georgios"]
[Result "0-1"]
[WhiteElo "1895"]
[BlackElo "2157"]
[PlyCount "50"]
[EventDate "2017.08.26"]

1. e4 e5 2. Nf3 Nc6 3. Nc3 Nf6 4. g3 Bb4 5. d3 d5 6. exd5 Nxd5 7. Bd2 Nxc3 8.
bxc3 Bc5 9. Bg2 O-O 10. Ng5 Be7 11. Qh5 h6 12. h4 Bf5 13. Be4 Qd7 14. Bxf5 Qxf5
15. g4 Qd7 16. Ke2 e4 17. d4 Qd5 18. Rag1 Rad8 19. Rg3 e3 20. Bxe3 Qxh1 21. Nf3
Qb1 22. g5 Qxc2+ 23. Kf1 Qf5 24. Nh2 Bd6 25. Rf3 Qg6 0-1

[Event "25th International Tournament Nikaia"]
[Site "Nikaia"]
[Date "2017.08.27"]
[Round "2.19"]
[White "Krallis, Christos"]
[Black "Kasioumis, Vasilios"]
[Result "1-0"]
[WhiteElo "2148"]
[BlackElo "1938"]
[PlyCount "77"]
[EventDate "2017.08.26"]

1. e4 c5 2. Nf3 e6 3. d4 cxd4 4. Nxd4 Nc6 5. Nxc6 bxc6 6. Bd3 Nf6 7. O-O d5 8.
Nc3 Be7 9. Qe2 O-O 10. b3 Bb7 11. Bb2 d4 12. Na4 c5 13. Rae1 c4 14. Bxc4 Bxe4
15. Rd1 e5 16. c3 Bg6 17. Qxe5 d3 18. Qd4 Qc7 19. Bxd3 Bh5 20. Rde1 Rfd8 21.
Qc4 Qd7 22. Be2 Rac8 23. Qb5 Qc7 24. Bxh5 Rd5 25. Bxf7+ Kxf7 26. Qa6 Bd6 27. g3
Rh5 28. Qe2 Qd7 29. Qf3 Kg8 30. c4 Ng4 31. Re4 Rg5 32. Rxg4 Rxg4 33. Qd5+ Kh8
34. c5 Rxa4 35. Qxd6 Qxd6 36. cxd6 Rxa2 37. d7 Rg8 38. Rd1 Rd8 39. Re1 1-0

[Event "25th International Tournament Nikaia"]
[Site "Nikaia"]
[Date "2017.08.27"]
[Round "2.20"]
[White "Zaronikas, Dimitrios"]
[Black "Kosmas-Lekkas, Dimitrios"]
[Result "0-1"]
[WhiteElo "1884"]
[BlackElo "2143"]
[PlyCount "106"]
[EventDate "2017.08.26"]

1. e4 e5 2. Nf3 Nc6 3. Bb5 a6 4. Ba4 Nf6 5. O-O Be7 6. Re1 b5 7. Bb3 d6 8. c3
O-O 9. h3 Nb8 10. d4 Nbd7 11. Nbd2 Bb7 12. Bc2 Re8 13. Nf1 Bf8 14. Ng3 g6 15.
Nh2 d5 16. dxe5 Nxe5 17. Bg5 Bc5 18. exd5 Bxd5 19. Bb3 c6 20. Bxd5 cxd5 21. Nf3
Ned7 22. Qd2 Qc7 23. Nd4 Ne4 24. Nxe4 Rxe4 25. Rxe4 dxe4 26. Nb3 Bb6 27. Rd1
Ra7 28. Qd5 Qe5 29. Qxe5 Nxe5 30. Re1 f5 31. Be3 Bxe3 32. Rxe3 Kf7 33. Nd4 Rd7
34. f3 Nc4 35. Re2 Nd6 36. Kf2 Kf6 37. g4 Ke5 38. Nc6+ Kf4 39. Nd4 Re7 40. Nc6
Rd7 41. Nd4 Re7 42. Nc6 Rf7 43. fxe4 Nxe4+ 44. Kg2 h5 45. gxh5 gxh5 46. Nb4
Rg7+ 47. Kh2 Kf3 48. Rc2 Nf2 49. Rxf2+ Kxf2 50. Nxa6 f4 51. Nc5 Kf3 52. c4 bxc4
53. a4 Ke2 0-1

[Event "25th International Tournament Nikaia"]
[Site "Nikaia"]
[Date "2017.08.28"]
[Round "3.1"]
[White "Nikolaidis, Ioannis"]
[Black "Beliotis, Georgios"]
[Result "1/2-1/2"]
[WhiteElo "2561"]
[BlackElo "2157"]
[PlyCount "57"]
[EventDate "2017.08.26"]

1. d4 Nf6 2. c4 g6 3. Nc3 Bg7 4. e4 d6 5. Nge2 O-O 6. Ng3 c6 7. Be2 a6 8. f4 b5
9. e5 Nfd7 10. O-O Bb7 11. exd6 exd6 12. Nce4 Qe7 13. f5 d5 14. cxd5 cxd5 15.
Ng5 Nc6 16. Nf3 Rfe8 17. Kh1 Nf6 18. Bg5 Qb4 19. fxg6 hxg6 20. Ne5 Nxe5 21.
dxe5 Ne4 22. Nxe4 Qxe4 23. Bd3 Qxe5 24. Qf3 Rf8 25. h4 Rae8 26. Rac1 Ba8 27.
Bf4 Qe6 28. Qg3 Be5 29. Rce1 1/2-1/2

[Event "25th International Tournament Nikaia"]
[Site "Nikaia"]
[Date "2017.08.28"]
[Round "3.2"]
[White "Stathopoulos, Ioannis"]
[Black "Krallis, Christos"]
[Result "1-0"]
[WhiteElo "2323"]
[BlackElo "2148"]
[PlyCount "67"]
[EventDate "2017.08.26"]

1. d4 Nf6 2. c4 e6 3. Nf3 b6 4. g3 Bb7 5. Bg2 Bb4+ 6. Bd2 Bxd2+ 7. Qxd2 O-O 8.
O-O c5 9. Nc3 cxd4 10. Qxd4 Nc6 11. Qd6 Ne8 12. Qd2 d6 13. Rfd1 Qe7 14. Nd4
Nxd4 15. Qxd4 Bxg2 16. Kxg2 Rd8 17. Rd2 Nf6 18. e4 Qb7 19. Rad1 Rd7 20. f3 Rfd8
21. g4 h6 22. h4 Qc6 23. g5 hxg5 24. hxg5 Nh5 25. Ne2 d5 26. cxd5 exd5 27. e5
Re7 28. Rh1 g6 29. Nf4 Nxf4+ 30. Qxf4 Re6 31. Kg3 Qc7 32. Rdh2 Kf8 33. Rh8+ Ke7
34. Qxf7+ 1-0

[Event "25th International Tournament Nikaia"]
[Site "Nikaia"]
[Date "2017.08.28"]
[Round "3.3"]
[White "Kosmas-Lekkas, Dimitrios"]
[Black "Poulopoulos, Ioannis"]
[Result "1/2-1/2"]
[WhiteElo "2143"]
[BlackElo "2290"]
[PlyCount "69"]
[EventDate "2017.08.26"]

1. d4 Nf6 2. c4 e6 3. g3 c5 4. d5 exd5 5. cxd5 d6 6. Nc3 g6 7. Bg2 Bg7 8. Nf3
O-O 9. O-O a6 10. a4 Nbd7 11. Nd2 Re8 12. h3 Nh5 13. Nde4 Ndf6 14. g4 Nxe4 15.
Nxe4 Nf6 16. Bg5 h6 17. Nxf6+ Bxf6 18. Bxh6 Bxb2 19. Rb1 Be5 20. e3 Qh4 21. Bf4
Bxf4 22. exf4 b5 23. f5 gxf5 24. gxf5 Bxf5 25. Rb3 b4 26. Rg3+ Kf8 27. Qd2 Ra7
28. Re1 Rae7 29. Rxe7 Rxe7 30. a5 Bg6 31. Bf1 Qd4 32. Qh6+ Qg7 33. Qf4 Qe5 34.
Qh6+ Qg7 35. Qf4 1/2-1/2

[Event "25th International Tournament Nikaia"]
[Site "Nikaia"]
[Date "2017.08.28"]
[Round "3.4"]
[White "Spyropoulos, Nikolaos"]
[Black "Alexiadis, Hristos"]
[Result "1/2-1/2"]
[WhiteElo "2108"]
[BlackElo "2237"]
[PlyCount "117"]
[EventDate "2017.08.26"]

1. e4 c5 2. Nf3 d6 3. d4 Nf6 4. Nc3 cxd4 5. Nxd4 a6 6. h3 Nc6 7. g4 Qb6 8. Nb3
e6 9. g5 Nd7 10. Bf4 Qc7 11. Qd2 Nce5 12. O-O-O b5 13. Bg3 Bb7 14. f4 b4 15.
Na4 Bxe4 16. fxe5 d5 17. Bg2 Bxg2 18. Qxg2 Qc6 19. Kb1 Qxa4 20. h4 Be7 21. Bf4
g6 22. h5 O-O-O 23. Rh3 Nc5 24. Qf2 Qb5 25. Be3 Nxb3 26. Qxf7 Kd7 27. axb3 Rdf8
28. Qg7 gxh5 29. g6 Qe2 30. Bg5 Qxd1+ 31. Ka2 Re8 32. Bxe7 Rxe7 33. Qxh8 hxg6
34. Qb8 Qf1 35. Rg3 Qf5 36. Qxb4 Qxe5 37. Rxg6 Qd6 38. Qb7+ Qc7 39. Qxa6 Qc6
40. Qxc6+ Kxc6 41. Rh6 d4 42. Kb1 Kd5 43. Kc1 Rg7 44. Rxh5+ e5 45. Kd2 Rg2+ 46.
Kd3 Rg3+ 47. Kd2 Rg1 48. c3 Rg2+ 49. Kd3 Rg4 50. cxd4 Rg3+ 51. Kc2 Kxd4 52. b4
Rg2+ 53. Kb3 e4 54. Rh8 e3 55. Rd8+ Ke4 56. Kc3 e2 57. Kd2 e1=B+ 58. Kxe1 Rxb2
59. Re8+ 1/2-1/2

[Event "25th International Tournament Nikaia"]
[Site "Nikaia"]
[Date "2017.08.28"]
[Round "3.5"]
[White "Megalios, Konstantinos"]
[Black "Androutsopoulos-Agiotatos, Vas"]
[Result "1/2-1/2"]
[WhiteElo "2233"]
[BlackElo "2079"]
[PlyCount "30"]
[EventDate "2017.08.26"]

1. d4 Nf6 2. c4 g6 3. Nc3 Bg7 4. e4 d6 5. f3 O-O 6. Be3 Nc6 7. Nge2 a6 8. Qd2
Na5 9. Nc1 Nd7 10. Be2 c5 11. O-O cxd4 12. Bxd4 Ne5 13. b3 Nac6 14. Bf2 Qa5 15.
Be1 b5 1/2-1/2

[Event "25th International Tournament Nikaia"]
[Site "Nikaia"]
[Date "2017.08.28"]
[Round "3.6"]
[White "Finokaliotis, Georgios"]
[Black "Papadopoulos, Nikolaos"]
[Result "1/2-1/2"]
[WhiteElo "2059"]
[BlackElo "2226"]
[PlyCount "80"]
[EventDate "2017.08.26"]

1. e4 c5 2. Nf3 Nc6 3. Bb5 g6 4. O-O Bg7 5. Re1 Nf6 6. Nc3 O-O 7. Bxc6 dxc6 8.
d3 Re8 9. h3 e5 10. b3 b6 11. a4 a5 12. Be3 Nd7 13. Qd2 Nf8 14. Rf1 Ne6 15. Ne2
Ra7 16. Rae1 Rd7 17. Ng5 f5 18. Nxe6 Rxe6 19. f3 f4 20. Bf2 h5 21. g4 Bf6 22.
Kg2 Rh7 23. Rh1 Re8 24. Rh2 Kf7 25. Reh1 Be6 26. Qc3 Qd7 27. Qe1 Reh8 28. Nc3
Kg7 29. Qe2 Qe7 30. Qe1 Rb8 31. Nd1 Qd7 32. Qe2 Be7 33. Nb2 b5 34. Ra1 Rbh8 35.
Rah1 Kf7 36. Qd1 Kg7 37. Qe2 Kf7 38. Qd1 Kg8 39. Qg1 Qd6 40. Qe1 b4 1/2-1/2

[Event "25th International Tournament Nikaia"]
[Site "Nikaia"]
[Date "2017.08.28"]
[Round "3.7"]
[White "Skaperdas, Kostantinos"]
[Black "Pountzas, Hrisanthos"]
[Result "1-0"]
[WhiteElo "2200"]
[BlackElo "2058"]
[PlyCount "107"]
[EventDate "2017.08.26"]

1. e4 Nf6 2. e5 Nd5 3. d4 d6 4. c4 Nb6 5. exd6 cxd6 6. Nc3 g6 7. Be3 Bg7 8. Rc1
O-O 9. b3 Bf5 10. Nge2 e5 11. d5 Na6 12. h4 Nc5 13. Ng3 Bd7 14. Nge4 Nxe4 15.
Nxe4 Bf5 16. Nc3 Bd7 17. h5 f5 18. hxg6 hxg6 19. Qd2 f4 20. Bxb6 Qxb6 21. Ne4
Bf5 22. Bd3 Qd4 23. Qe2 g5 24. Rh5 g4 25. Nf6+ Rxf6 26. Bxf5 e4 27. Rd1 Qc3+
28. Kf1 f3 29. Qxe4 fxg2+ 30. Kxg2 Qf3+ 31. Qxf3 gxf3+ 32. Kxf3 Re8 33. Rd2 Re5
34. Kg4 Bh6 35. f4 Re1 36. Rf2 Kg7 37. Kf3 Rg1 38. Ke4 Re1+ 39. Kd3 Kf8 40. Be6
Rd1+ 41. Kc2 Ra1 42. Kb2 Rg1 43. f5 b6 44. Rhh2 a5 45. Ka3 Ke7 46. Ka4 Kd8 47.
Kb5 Kc7 48. Rf3 Rg7 49. Rfh3 Rh7 50. Rg2 Rh8 51. Rgh2 Kb7 52. Rh1 Kc7 53. R1h2
Kb7 54. Bd7 1-0

[Event "25th International Tournament Nikaia"]
[Site "Nikaia"]
[Date "2017.08.28"]
[Round "3.8"]
[White "Gripeos, Kiriakos"]
[Black "Nikolaou, Spiridon"]
[Result "1-0"]
[WhiteElo "2040"]
[BlackElo "2196"]
[PlyCount "63"]
[EventDate "2017.08.26"]

1. e4 c5 2. Nf3 Nc6 3. d4 cxd4 4. Nxd4 e6 5. Nb5 d6 6. c4 Nf6 7. N5c3 Be7 8.
Be2 O-O 9. O-O b6 10. Bf4 a6 11. Re1 Bb7 12. Na3 Ne5 13. Bf1 Qc7 14. Rc1 Rac8
15. Rc2 Kh8 16. f3 Rg8 17. Kh1 g5 18. Be3 Nfd7 19. Bd4 Rcf8 20. Rd2 Rg6 21. Bd3
Kg8 22. Bb1 Rh6 23. Qe2 d5 24. cxd5 exd5 25. h3 dxe4 26. Bxe4 Bxe4 27. Qxe4 Bc5
28. Bxe5 Nxe5 29. Qxe5 Bd6 30. Qd4 Bc5 31. Qg4 Bxa3 32. Nd5 1-0

[Event "25th International Tournament Nikaia"]
[Site "Nikaia"]
[Date "2017.08.28"]
[Round "3.9"]
[White "Loutragotis, Dimitrios"]
[Black "Samaridis, Konstantinos"]
[Result "0-1"]
[WhiteElo "2194"]
[BlackElo "2057"]
[PlyCount "78"]
[EventDate "2017.08.26"]

1. e4 e5 2. Nf3 Nc6 3. Bc4 Bc5 4. c3 Nf6 5. d4 exd4 6. cxd4 Bb4+ 7. Bd2 Nxe4 8.
Bxb4 Nxb4 9. Bxf7+ Kxf7 10. Qb3+ Kf8 11. Qxb4+ Qe7 12. Qxe7+ Kxe7 13. O-O Kd8
14. Nc3 Nf6 15. Rfe1 h6 16. d5 d6 17. Nd4 Bd7 18. f3 Re8 19. Rad1 c6 20. Rxe8+
Kxe8 21. Ne4 Nxe4 22. fxe4 c5 23. Nc2 b5 24. Rf1 Ke7 25. Ne3 a5 26. Rf2 a4 27.
a3 Rb8 28. h4 b4 29. Nc4 Bb5 30. Ne3 bxa3 31. Nf5+ Kf6 32. bxa3 Ke5 33. Rb2 Rb7
34. h5 Ba6 35. Rxb7 Bxb7 36. Nxg7 Kxe4 37. g4 Kf4 38. Nf5 Bxd5 39. Nxh6 Be6 0-1

[Event "25th International Tournament Nikaia"]
[Site "Nikaia"]
[Date "2017.08.28"]
[Round "3.10"]
[White "Tsagkaropoulos, Spyridon"]
[Black "Gogolis, Alexandros"]
[Result "0-1"]
[WhiteElo "2022"]
[BlackElo "2190"]
[PlyCount "156"]
[EventDate "2017.08.26"]

1. Nf3 c6 2. g3 d5 3. Bg2 Nf6 4. c4 g6 5. b3 Bg7 6. Bb2 O-O 7. d3 Bg4 8. Nbd2
Bxf3 9. Bxf3 Nbd7 10. Qc2 a5 11. O-O e6 12. Rfc1 Re8 13. Nf1 h5 14. h4 Nh7 15.
d4 Nhf6 16. Nd2 a4 17. e4 dxe4 18. Nxe4 Nxe4 19. Bxe4 Nf6 20. Bf3 Qb6 21. Rab1
axb3 22. Qxb3 Qxb3 23. axb3 Ra2 24. Rd1 Rd8 25. Bc1 Ng4 26. Bxg4 hxg4 27. Be3
Rd7 28. Rd3 Bf6 29. Kf1 Kg7 30. Rbd1 Rb2 31. Bc1 Rc2 32. Bf4 Rb2 33. Bc1 Ra2
34. Bf4 Ra3 35. Bc1 Ra2 36. Bf4 Ra5 37. Ke2 b5 38. Ke3 Ra3 39. Bg5 bxc4 40.
bxc4 Ra5 41. Bxf6+ Kxf6 42. Kf4 Ra4 43. Kxg4 Rxc4 44. f4 Rb7 45. Ra1 Rd7 46.
Rad1 Rd8 47. R1d2 Kg7 48. Rd1 f5+ 49. Kf3 Kf6 50. Ke3 Rb8 51. R1d2 Ke7 52. Ra2
Kd6 53. Raa3 Rb2 54. Rdc3 Kd5 55. Rxc4 Kxc4 56. Ra6 Rb3+ 57. Kf2 Kd5 58. Ra5+
Rb5 59. Ra6 Rb2+ 60. Kf3 Rb3+ 61. Kf2 Rc3 62. Ra5+ Kd6 63. Ra4 Rb3 64. Ra6 Kd5
65. Ra4 Ke4 66. Rc4 Rb2+ 67. Ke1 Kd5 68. Rc5+ Kd6 69. Rc4 Rg2 70. Rc3 Kd5 71.
Rc5+ Kxd4 72. Rxc6 Rxg3 73. Kf2 Kd5 74. Rxe6 Kxe6 75. Kxg3 Kd5 76. h5 gxh5 77.
Kh4 Ke4 78. Kg5 h4 0-1

[Event "25th International Tournament Nikaia"]
[Site "Nikaia"]
[Date "2017.08.28"]
[Round "3.11"]
[White "Georgiou, Kostantinos"]
[Black "Leftheriotis, Alexandros"]
[Result "1-0"]
[WhiteElo "2162"]
[BlackElo "1923"]
[PlyCount "107"]
[EventDate "2017.08.26"]

1. e4 c5 2. Nf3 d6 3. d4 cxd4 4. Nxd4 Nf6 5. Nc3 a6 6. f4 e5 7. Nf3 Qc7 8. a4
Nbd7 9. Bd3 Be7 10. O-O exf4 11. Bxf4 Ne5 12. Qd2 O-O 13. Nxe5 dxe5 14. Bg5 h6
15. Bxf6 Bxf6 16. Rxf6 gxf6 17. Nd5 Qc5+ 18. Kh1 Kg7 19. Rf1 f5 20. exf5 f6 21.
Nc3 Qd4 22. Rf3 Kh7 23. Ne2 Qh4 24. Rh3 Qg5 25. Qb4 Bd7 26. Rg3 Qh5 27. Qxb7
Rfd8 28. Qb4 Rf8 29. Rg6 Rae8 30. Qd6 Rf7 31. Rxf6 Rxf6 32. Qxf6 e4 33. Bxa6
Qxf5 34. Qxf5+ Bxf5 35. Nd4 Bg4 36. Kg1 Bd1 37. Kf2 e3+ 38. Ke1 Rd8 39. Kxd1
Rxd4+ 40. Bd3+ Kg7 41. a5 Kf6 42. Ke2 Ke5 43. Kxe3 Ra4 44. a6 Kd5 45. b3 Ra3
46. b4 Kc6 47. Kd4 Kb6 48. b5 Ra2 49. c4 Ra4 50. Kd5 Ra3 51. c5+ Ka7 52. b6+
Ka8 53. Bb5 h5 54. Bc6+ 1-0

[Event "25th International Tournament Nikaia"]
[Site "Nikaia"]
[Date "2017.08.28"]
[Round "3.12"]
[White "Tsivelekidou, Evgenia"]
[Black "Kouvatsos, Filippos"]
[Result "1/2-1/2"]
[WhiteElo "1789"]
[BlackElo "2159"]
[PlyCount "61"]
[EventDate "2017.08.26"]

1. d4 c6 2. c4 d5 3. cxd5 cxd5 4. Bf4 Nc6 5. e3 a6 6. Nc3 Nf6 7. Bd3 Bg4 8.
Nge2 e6 9. O-O Bd6 10. f3 Bh5 11. Rc1 Bg6 12. Bxd6 Qxd6 13. Nf4 O-O 14. Nxg6
hxg6 15. Na4 Nd7 16. f4 Rac8 17. Nc5 Nxc5 18. Rxc5 Nb4 19. Rxc8 Rxc8 20. Bb1
Nc6 21. h4 Ne7 22. h5 gxh5 23. Qxh5 g6 24. Qh6 Nf5 25. Bxf5 exf5 26. Rf3 Rc2
27. Qh4 Rxb2 28. Rh3 Kf8 29. Qg5 Kg8 30. Qh4 Kf8 31. Qg5 1/2-1/2

[Event "25th International Tournament Nikaia"]
[Site "Nikaia"]
[Date "2017.08.28"]
[Round "3.13"]
[White "Kouskoutis, Georgios-Alexandro"]
[Black "Papadimitriou, Loukas"]
[Result "1-0"]
[WhiteElo "2270"]
[BlackElo "2069"]
[PlyCount "101"]
[EventDate "2017.08.26"]

1. c4 g6 2. Nc3 Bg7 3. g3 c5 4. Bg2 Nc6 5. e3 d6 6. Nge2 e5 7. O-O Nge7 8. Nd5
O-O 9. a3 Rb8 10. Rb1 Bf5 11. e4 Bg4 12. f3 Bd7 13. b4 b6 14. d3 Nxd5 15. cxd5
Nd4 16. Nxd4 cxd4 17. b5 Rc8 18. Bd2 f5 19. Qb3 f4 20. Rbc1 Rc5 21. a4 h5 22.
gxf4 Bh6 23. Rxc5 bxc5 24. a5 h4 25. h3 Bxf4 26. Bxf4 exf4 27. b6 axb6 28. axb6
Qg5 29. b7 Bxh3 30. Rf2 Rb8 31. Qb6 Bd7 32. Qc7 Qd8 33. Qxd6 Rxb7 34. Qxg6+ Kh8
35. Qh6+ Kg8 36. Bf1 h3 37. Qxf4 Rb1 38. Kh2 Qf8 39. Qxf8+ Kxf8 40. f4 Re1 41.
f5 c4 42. dxc4 Rxe4 43. c5 d3 44. c6 Be8 45. Bxd3 Rd4 46. c7 Bd7 47. Ba6 Rxd5
48. c8=Q+ Bxc8 49. Bxc8 Ke7 50. f6+ Kf7 51. Be6+ 1-0

[Event "25th International Tournament Nikaia"]
[Site "Nikaia"]
[Date "2017.08.28"]
[Round "3.14"]
[White "Avagianos, Simeon"]
[Black "Nikolaidis, Konstantinos"]
[Result "1/2-1/2"]
[WhiteElo "2045"]
[BlackElo "2227"]
[PlyCount "34"]
[EventDate "2017.08.26"]

1. d4 Nf6 2. Bg5 d5 3. Bxf6 gxf6 4. c4 dxc4 5. e3 c5 6. Bxc4 cxd4 7. exd4 Bg7
8. Qh5 O-O 9. Ne2 Nc6 10. Nbc3 Qa5 11. Qxa5 Nxa5 12. Bd3 Rd8 13. d5 f5 14.
O-O-O b6 15. Bc2 Bd7 16. Nd4 e6 17. Rhe1 Re8 1/2-1/2